Rediscovering Rabindranath/ (Record no. 164977)

MARC details
000 -LEADER
fixed length control field 00633nam a22001937a 4500
005 - DATE AND TIME OF LATEST TRANSACTION
control field 20190531121527.0
010 ## - LCCN (DPL NO)
LC control number ENG-125419
020 ## - INTERNATIONAL STANDARD BOOK NUMBER
International Standard Book Number 9789381209134
Terms of availability 2950.00
035 ## - SYSTEM CONTROL NUMBER
System control number EN-108951
037 ## - SOURCE OF ACQUISITION
Source of stock number/acquisition DBAD/PUB
082 ## - DEWEY DECIMAL CLASSIFICATION NUMBER
Classification number 891.4414
245 ## - TITLE STATEMENT
Title Rediscovering Rabindranath/
Statement of responsibility, etc edt. by Santi Nath Chattopadhyay
260 ## - PUBLICATION, DISTRIBUTION, ETC. (IMPRINT)
Place of publication, distribution, etc Kolkata
Name of publisher, distributor, etc Punthi Pustak
270 ## - ADDRESS
Address 136/4B, Bidhan Sarani,
City Kolkata
Telephone number 91-3325555573
Electronic mail address punithpustak@hotmail.com
Postal code 700004
300 ## - PHYSICAL DESCRIPTION
Extent x,790p.
Dimensions 25cm(pbk)
Other physical details ill.
500 ## - GENERAL NOTE
General note includes bibliography and index
700 ## - ADDED ENTRY--PERSONAL NAME
Personal name Chattopadhyay, Santi Nath
942 ## - ADDED ENTRY ELEMENTS (KOHA)
Source of classification or shelving scheme Dewey Decimal Classification
Item type English Books
Classification part 891.4414
Call number suffix RED
Holdings
Withdrawn status Lost status Not for loan Collection code Home library Current library Date acquired Source of acquisition Cost, normal purchase price Full call number Barcode Copy number Cost, replacement price Koha item type
      Non-fiction Central Library Central Library 31/05/2019 DBAD/PUB 2950.00 891.4414 RED EN-108951 1 2950.00 English Books

© Delhi Public Library
Hit Counter
free hit counter